Central Library OPAC University of Rajshahi

Julius Caesar and Rome / (Record no. 24450)

MARC details
000 -LEADER
fixed length control field 00845cam a2200265u 4500
001 - CONTROL NUMBER
control field 24450
003 - CONTROL NUMBER IDENTIFIER
rucl marc code BD-RjUL
005 - DATE AND TIME OF LATEST TRANSACTION
control field 20211209001043.0
008 - FIXED-LENGTH DATA ELEMENTS--GENERAL INFORMATION
fixed length control field 140313s1967 enk 001 0 eng d
035 ## - SYSTEM CONTROL NUMBER
System control number (BD-RjUL)
040 ## - CATALOGING SOURCE
Original cataloging agency DLC
Transcribing agency CarP
Modifying agency DLC
-- BD-RjUL
Language of cataloging eng
041 ## - LANGUAGE CODE
Language code of text/sound track or separate title eng
082 00 - DEWEY DECIMAL CLASSIFICATION NUMBER
Classification number 937.05
Author mark and year BAJ 1967
100 1# - MAIN ENTRY--PERSONAL NAME
Personal name Balsdon, John Percy Vyvian Dacre,
Dates associated with a name 1901- [from old catalog]
9 (RLIN) 75274
245 10 - TITLE STATEMENT
Title Julius Caesar and Rome /
Statement of responsibility, etc. John Balsdon,
260 ## - PUBLICATION, DISTRIBUTION, ETC. (IMPRINT)
Place of publication, distribution, etc. London :
Name of publisher, distributor, etc. English Universities P.,
Date of publication, distribution, etc. 1967
300 ## - PHYSICAL DESCRIPTION
Pagination viii, 184 p. ;
Size 18 cm.
504 ## - BIBLIOGRAPHY, ETC. NOTE
Bibliography, etc Includes Index
600 10 - SUBJECT ADDED ENTRY--PERSONAL NAME
Personal name Caesar, Julius.
830 #0 - SERIES ADDED ENTRY--UNIFORM TITLE
Uniform title Julius Caesar; a political biography. [from old catalog]
942 ## - ADDED ENTRY ELEMENTS (KOHA)
Source of classification or shelving scheme Dewey Decimal Classification
Koha item type Books
Holdings
Lost status Source of classification or shelving scheme Damaged status Not for loan Collection code Permanent Location Current Location Shelving location Date acquired Source of acquisition Cost, normal purchase price Total Checkouts Full call number Date last seen Copy number Koha item type
  Dewey Decimal Classification     Non-fiction Central Library, University of Rajshahi Central Library, University of Rajshahi   27/07/1972 Book centre 13.75   937.05 BAJ 1967 13/03/2014 C-2 Books
  Dewey Decimal Classification   Added to bundle Non-fiction Central Library, University of Rajshahi Central Library, University of Rajshahi Reading Room 27/07/1972 Book centre 13.75   937.05 BAJ 1967 13/03/2014 C-1 Books
  Dewey Decimal Classification     Non-fiction Central Library, University of Rajshahi Central Library, University of Rajshahi   26/07/1972 book centre dacca 16.50   937.05 BAJ 1967 15/03/2014 C-3 Books